[Event "Grenke Chess Classic 2015"]
[Site "Baden Baden GER"]
[Date "2015.02.02"]
[Round "1"]
[White "Adams, Michael"]
[Black "Naiditsch, Arkadij"]
[Result "1/2-1/2"]
[WhiteElo "2738"]
[BlackElo "2706"]
[PlyCount "122"]
[EventDate "2015.02.02"]

1. e4 e6 2. d4 d5 3. Nd2 c5 4. Ngf3 cxd4 5. Nxd4 Nf6 6. exd5 Qxd5 7. Nb5 Na6 8.
Nc3 Qd6 9. Bc4 Be7 10. O-O O-O 11. Qe2 Rd8 12. Nde4 Nxe4 13. Nxe4 Qe5 14. g3
Nb4 15. c3 Nd5 16. Re1 b6 17. Nd2 Qc7 18. Nf3 Bb7 19. Ba6 Bxa6 20. Qxa6 Bf6 21.
Bg5 Bxg5 22. Nxg5 Rd7 23. Rad1 Rad8 24. Nf3 Ne7 25. Rxd7 Qxd7 26. a4 Nc6 27.
Kg2 h6 28. h4 Kf8 29. Re3 Qd5 30. b4 Qd7 31. a5 Qc8 32. Qxc8 Rxc8 33. axb6 axb6
34. Rd3 Ke7 35. Kf1 b5 36. Ke2 f5 37. Ke3 g5 38. hxg5 hxg5 39. Nxg5 Ne5 40. Rd1
Kf6 41. f4 Rxc3+ 42. Ke2 Nc4 43. Rd7 Rc2+ 44. Kf3 Nd2+ 45. Ke3 Nf1+ 46. Kf3
Rc3+ 47. Kf2 Nxg3 48. Nh7+ Kg6 49. Nf8+ Kh5 50. Nxe6 Ne4+ 51. Ke2 Rb3 52. Nd4
Ng3+ 53. Kd2 Rxb4 54. Rd5 Kg4 55. Kc3 Ra4 56. Rxb5 Ne4+ 57. Kd3 Ra3+ 58. Kc2
Rc3+ 59. Kb2 Rc5 60. Rxc5 Nxc5 61. Nxf5 Kxf5 1/2-1/2

[Event "Gibraltar Masters Open 2015"]
[Site "Caleta ENG"]
[Date "2015.02.02"]
[Round "7"]
[White "Yu, Yangyi"]
[Black "Hou, Yifan"]
[Result "1/2-1/2"]
[WhiteElo "2724"]
[BlackElo "2673"]
[PlyCount "77"]
[EventDate "2015.01.27"]

1. e4 c5 2. Nf3 d6 3. d4 cxd4 4. Nxd4 Nf6 5. Nc3 e6 6. Be3 Nc6 7. f4 Be7 8. Qf3
Qc7 9. O-O-O a6 10. g4 Nd7 11. g5 b5 12. Bd3 Nc5 13. Kb1 Bb7 14. h4 Rc8 15. h5
Nxd4 16. Bxd4 b4 17. Ne2 e5 18. Bxc5 Qxc5 19. g6 hxg6 20. hxg6 Rxh1 21. Rxh1
Bf6 22. Qg4 Ke7 23. gxf7 Rf8 24. f5 a5 25. Ng3 a4 26. Nh5 a3 27. Qg1 Rxf7 28.
Qxc5 dxc5 29. bxa3 bxa3 30. c4 Kd8 31. Kc2 Bc6 32. Nxf6 gxf6 33. Kb3 Rg7 34.
Rh3 Rg4 35. Re3 Kc7 36. Kxa3 Kb6 37. Kb3 Ka5 38. a3 Rh4 39. Kb2 1/2-1/2

[Event "Gibraltar Masters Open 2015"]
[Site "Caleta ENG"]
[Date "2015.02.02"]
[Round "7"]
[White "Topalov, Veselin"]
[Black "Lenderman, Aleksandr"]
[Result "1/2-1/2"]
[WhiteElo "2800"]
[BlackElo "2614"]
[PlyCount "87"]
[EventDate "2015.01.27"]

1. d4 Nf6 2. c4 e6 3. Nf3 b6 4. g3 Bb7 5. Bg2 g6 6. O-O Bg7 7. Qc2 O-O 8. Nc3
d5 9. cxd5 Nxd5 10. Bg5 Qc8 11. Nxd5 Bxd5 12. e4 Bb7 13. Rad1 Re8 14. Bh3 c6
15. Nd2 Bxd4 16. Nc4 c5 17. Nd6 Qd7 18. Nxe8 Qxe8 19. Rxd4 cxd4 20. Qc7 Bxe4
21. Re1 Bd5 22. Bf1 Nc6 23. Bf6 Qb8 24. Qxb8+ Rxb8 25. Bb5 d3 26. a3 d2 27. Rd1
Rc8 28. Rxd2 Na5 29. Rd1 Nb3 30. h4 h5 31. Bd7 Rc4 32. Bb5 Rc8 33. Bd7 Rc1 34.
Rxc1 Nxc1 35. b4 Nb3 36. Kf1 Nd2+ 37. Ke2 Nc4 38. a4 Kf8 39. f3 Nd6 40. Ke3
Nc4+ 41. Ke2 Nd6 42. Kf2 Ne8 43. Bxe8 Kxe8 44. a5 1/2-1/2

[Event "Gibraltar Masters Open 2015"]
[Site "Caleta ENG"]
[Date "2015.02.02"]
[Round "7"]
[White "Salgado Lopez, Ivan"]
[Black "Svidler, Peter"]
[Result "0-1"]
[WhiteElo "2628"]
[BlackElo "2739"]
[PlyCount "52"]
[EventDate "2015.01.27"]

1. e4 c5 2. c3 d5 3. exd5 Qxd5 4. d4 Nf6 5. Nf3 e6 6. Na3 Qd8 7. Nc2 Nbd7 8.
Bd3 Be7 9. O-O O-O 10. Bf4 b6 11. Qe2 Bb7 12. Rad1 Qc8 13. Rfe1 a6 14. Ne5 b5
15. c4 Nxe5 16. dxe5 bxc4 17. Bxc4 Nd5 18. Bc1 Nb6 19. Bd3 c4 20. Bxh7+ Kxh7
21. Qh5+ Kg8 22. Re3 Qc6 23. Rg3 Qe4 24. Be3 Qxc2 25. Bxb6 Be4 26. Rh3 Bh7 0-1

[Event "Gibraltar Masters Open 2015"]
[Site "Caleta ENG"]
[Date "2015.02.02"]
[Round "7"]
[White "Vitiugov, Nikita"]
[Black "Roiz, Michael"]
[Result "1-0"]
[WhiteElo "2735"]
[BlackElo "2592"]
[PlyCount "129"]
[EventDate "2015.01.27"]

1. d4 Nf6 2. c4 e6 3. Nf3 b6 4. g3 Bb4+ 5. Bd2 a5 6. Bg2 Bb7 7. O-O O-O 8. Nc3
Re8 9. Qc2 d6 10. Bg5 Bxc3 11. Bxf6 Qxf6 12. Qxc3 Nd7 13. Rfe1 Rad8 14. e4 c5
15. Rad1 cxd4 16. Nxd4 Nc5 17. Qe3 Qe7 18. Rd2 Qc7 19. Nb5 Qb8 20. Red1 d5 21.
exd5 exd5 22. Qd4 Rd7 23. cxd5 Ba6 24. Nc3 Qd6 25. Bf1 Bxf1 26. Rxf1 Rde7 27.
Rfd1 Re5 28. Kg2 h5 29. Qc4 g6 30. Rd4 Kg7 31. a3 Rd8 32. b4 axb4 33. axb4 Nd7
34. Qc6 Qe7 35. d6 Qe6 36. Re4 Nf6 37. Rxe5 Qxe5 38. Rd3 h4 39. Qxb6 h3+ 40.
Kf1 Ng4 41. Qxd8 Nxh2+ 42. Kg1 Ng4 43. Qe7 h2+ 44. Kg2 h1=Q+ 45. Kxh1 Nxf2+ 46.
Kg2 Nxd3 47. Qxe5+ Nxe5 48. Nd5 f5 49. b5 Kf7 50. b6 Ke6 51. b7 Nc6 52. Nc7+
Kxd6 53. Na6 Ke5 54. Kf3 g5 55. b8=Q+ Nxb8 56. Nxb8 Kf6 57. Nc6 Ke6 58. Nd4+
Ke5 59. Nc2 Kf6 60. Ne1 Kg6 61. Nd3 Kg7 62. Ke2 Kg6 63. Ne5+ Kf6 64. Nf3 Kg6
65. Kd3 1-0

[Event "Gibraltar Masters Open 2015"]
[Site "Caleta ENG"]
[Date "2015.02.02"]
[Round "7"]
[White "Sethuraman, S.P."]
[Black "Jakovenko, Dmitry"]
[Result "0-1"]
[WhiteElo "2624"]
[BlackElo "2733"]
[PlyCount "108"]
[EventDate "2015.01.27"]

1. d4 Nf6 2. c4 e6 3. Nc3 Bb4 4. Qc2 O-O 5. Nf3 d5 6. cxd5 exd5 7. Bg5 h6 8.
Bh4 c5 9. dxc5 g5 10. Bg3 Ne4 11. a3 Bxc3+ 12. bxc3 Bf5 13. Qb2 Nd7 14. Nd4 Bg6
15. f3 Nexc5 16. e3 Qe7 17. Qd2 Rae8 18. Be2 Qxe3 19. Qxe3 Rxe3 20. O-O Rfe8
21. Bb5 a6 22. Bxd7 Nxd7 23. Rfe1 Nb6 24. h4 f6 25. Rxe3 Rxe3 26. h5 Bh7 27.
Be1 Na4 28. Kf2 Re7 29. Bd2 Kf7 30. g4 f5 31. f4 fxg4 32. fxg5 hxg5 33. Kg3
Nxc3 34. Rf1+ Ke8 35. Kxg4 Ne4 36. Bxg5 Rg7 37. Ne6 Rg8 38. Kh4 d4 39. h6 d3
40. Be3 Nd6 41. Ng7+ Kd7 42. Nh5 Ke6 43. Rf6+ Ke7 44. Bd2 Rc8 45. Bf4 Rc4 46.
Kh3 Bf5+ 47. Rxf5 Nxf5 48. h7 Rc8 49. Kg4 Nd4 50. Be3 Nc2 51. Bd2 Rh8 52. Nf6
Kxf6 53. Bc3+ Kg6 54. Bxh8 d2 0-1

[Event "Gibraltar Masters Open 2015"]
[Site "Caleta ENG"]
[Date "2015.02.02"]
[Round "7"]
[White "Harikrishna, Pentala"]
[Black "Muzychuk, Anna"]
[Result "1-0"]
[WhiteElo "2723"]
[BlackElo "2544"]
[PlyCount "83"]
[EventDate "2015.01.27"]

1. e4 c5 2. Nf3 Nc6 3. Nc3 e6 4. Be2 Nf6 5. O-O d5 6. exd5 Nxd5 7. Bb5 Nxc3 8.
dxc3 Qxd1 9. Rxd1 Bd7 10. Ng5 f6 11. Nf7 Rg8 12. Be3 Nb8 13. Rxd7 Nxd7 14. Rd1
Kxf7 15. Rxd7+ Kg6 16. g4 Rh8 17. h4 h5 18. Bd3+ f5 19. gxf5+ exf5 20. Bc4 b5
21. Bf7+ Kh7 22. Bxh5 Rc8 23. b3 a5 24. c4 bxc4 25. bxc4 Rc6 26. Bf7 Bd6 27. h5
Rf8 28. Bg6+ Kg8 29. f4 Bc7 30. Kf2 a4 31. Kf3 a3 32. Rd3 Ra8 33. Bxf5 Rb6 34.
Be4 Rf8 35. f5 Rb1 36. Rxa3 Rh1 37. Kg4 Re1 38. Bd5+ Kh8 39. Bxc5 Rfe8 40. h6
gxh6 41. f6 h5+ 42. Kxh5 1-0

[Event "Gibraltar Masters Open 2015"]
[Site "Caleta ENG"]
[Date "2015.02.02"]
[Round "7"]
[White "Vazquez Igarza, Renier"]
[Black "Rapport, Richard"]
[Result "0-1"]
[WhiteElo "2592"]
[BlackElo "2716"]
[PlyCount "112"]
[EventDate "2015.01.27"]

1. e4 g6 2. d4 Bg7 3. Nf3 d6 4. Nc3 a6 5. h3 Nd7 6. a4 b6 7. Bd3 Bb7 8. O-O e6
9. Re1 Ne7 10. Ne2 O-O 11. c3 c5 12. Ng3 cxd4 13. cxd4 Nc6 14. Bg5 Qb8 15. Be3
Qa7 16. Qd2 Rfc8 17. Ra3 Rc7 18. Bb1 Na5 19. Ba2 Rac8 20. Bh6 Bh8 21. Qf4 Nf6
22. Qxd6 Nc4 23. Bxc4 Rc6 24. Qf4 Rxc4 25. Ne5 R4c7 26. Bg5 Ne8 27. Ng4 Bxd4
28. Rd3 Bxb2 29. Nf6+ Bxf6 30. Bxf6 Ba8 31. Red1 Qb7 32. Rd8 Qc6 33. Qh6 Rxd8
34. Rxd8 Qc1+ 35. Qxc1 Rxc1+ 36. Kh2 Bc6 37. Ne2 Rc4 38. Nc3 h6 39. f3 Kh7 40.
Bd4 g5 41. Nd1 Rxa4 42. Bxb6 Rb4 43. Ba5 Rb3 44. Nf2 f5 45. exf5 exf5 46. Nd3
Bb5 47. Nc5 Ra3 48. Bb4 Ra2 49. Ne6 Rb2 50. Ba3 Re2 51. Nd4 Rd2 52. Bb4 Rd1 53.
Bc3 f4 54. h4 g4 55. Ne6 g3+ 56. Kh3 Rxd8 0-1

[Event "Gibraltar Masters Open 2015"]
[Site "Caleta ENG"]
[Date "2015.02.02"]
[Round "7"]
[White "Venkatesh, M.R."]
[Black "Wei, Yi"]
[Result "0-1"]
[WhiteElo "2460"]
[BlackElo "2675"]
[PlyCount "82"]
[EventDate "2015.01.27"]

1. e4 c5 2. Nf3 d6 3. Bb5+ Nd7 4. O-O a6 5. Bd3 Ngf6 6. c3 e6 7. Bc2 b5 8. d4
Bb7 9. Re1 Be7 10. Nbd2 Qc7 11. Nf1 O-O 12. Ng3 Rfc8 13. Bd3 Bf8 14. Bd2 g6 15.
Rc1 Bg7 16. a3 e5 17. d5 c4 18. Bc2 Nc5 19. h3 a5 20. Rb1 Rcb8 21. Nh2 Qe7 22.
Qf3 Bc8 23. Ngf1 Bd7 24. g4 Rf8 25. Ng3 Ne8 26. Kh1 Kh8 27. Rg1 Bf6 28. Bh6 Rg8
29. Qe3 Bg7 30. Bxg7+ Rxg7 31. f4 exf4 32. Qxf4 Qf6 33. Qe3 Qh4 34. Kg2 Qe7 35.
Nf3 f5 36. gxf5 gxf5 37. e5 dxe5 38. Nxe5 Ne4 39. Bxe4 Qxe5 40. Kh2 f4 41. Qf3
fxg3+ 0-1

[Event "Moscow Open  2015"]
[Site "Moscow RUS"]
[Date "2015.02.03"]
[Round "4"]
[White "Nepomniachtchi, Ian"]
[Black "Atabayev, Yusup"]
[Result "1-0"]
[WhiteElo "2714"]
[BlackElo "2415"]
[PlyCount "131"]
[EventDate "2015.01.31"]

1. e4 c5 2. Nf3 e6 3. d4 cxd4 4. Nxd4 a6 5. c4 Nf6 6. Nc3 Bb4 7. Qd3 Nc6 8.
Nxc6 dxc6 9. Qxd8+ Kxd8 10. e5 Nd7 11. Bf4 Kc7 12. h4 Bxc3+ 13. bxc3 b5 14. h5
Nb6 15. h6 g6 16. Bg5 Bd7 17. Be7 Rhc8 18. Rh3 c5 19. Rb1 Nxc4 20. Bxc4 bxc4
21. Rf3 Be8 22. Bxc5 Kd7 23. Bd6 Ra7 24. Rf4 Kd8 25. Rd4 Bc6 26. Rxc4 Rb7 27.
Rxb7 Bxb7 28. Rf4 Ke8 29. Kd2 Bxg2 30. Ra4 Bb7 31. Rb4 Bd5 32. Rb6 a5 33. Rb5
a4 34. Rb4 Bc6 35. c4 Kd7 36. c5 Ra8 37. a3 Ra7 38. Rb8 Ra8 39. Rb6 Ra7 40. Ke3
g5 41. Kd4 Rb7 42. Ra6 Rb2 43. Ra7+ Bb7 44. Be7 Kc6 45. Bxg5 Rxf2 46. Rxa4 Rg2
47. Bf4 Rc2 48. Rc4 Rxc4+ 49. Kxc4 Ba6+ 50. Kd4 Be2 51. Bg5 Kd7 52. Bh4 Bb5 53.
Ke4 Ba4 54. Kf4 Bc2 55. Kg5 Kc6 56. Bf2 Kd5 57. Kf6 Ba4 58. Kg7 Bc2 59. a4 Kxe5
60. a5 Bd3 61. a6 Bxa6 62. Kxh7 Bd3+ 63. Kg7 Bg6 64. h7 Bxh7 65. Kxh7 Kd5 66.
Kg7 1-0

[Event "Moscow Open  2015"]
[Site "Moscow RUS"]
[Date "2015.02.03"]
[Round "4"]
[White "Vallejo Pons, Francisco"]
[Black "Firat, Burak"]
[Result "1-0"]
[WhiteElo "2706"]
[BlackElo "2486"]
[PlyCount "53"]
[EventDate "2015.01.31"]

1. c4 c6 2. Nf3 d5 3. d4 Nf6 4. e3 a6 5. Bd3 Bg4 6. Qb3 Bxf3 7. gxf3 Qc7 8. e4
dxe4 9. fxe4 e5 10. dxe5 Nfd7 11. f4 g5 12. Be2 gxf4 13. Bxf4 Bg7 14. Nd2 Nc5
15. Qg3 Ne6 16. O-O-O Nd7 17. Bg4 Bxe5 18. Bxe6 fxe6 19. Bxe5 Qxe5 20. Qh4 Qf6
21. Qh5+ Qg6 22. Qa5 Rg8 23. Qc7 Qf6 24. Rhf1 Qd4 25. Nb3 Qxc4+ 26. Kb1 Rd8 27.
Na5 1-0

[Event "Grenke Chess Classic 2015"]
[Site "Baden Baden GER"]
[Date "2015.02.03"]
[Round "2"]
[White "Baramidze, D."]
[Black "Aronian, L."]
[Result "1/2-1/2"]
[WhiteElo "2594"]
[BlackElo "2777"]
[PlyCount "81"]
[EventDate "2015.02.02"]

1. e4 e5 2. Nf3 Nc6 3. Bb5 Nf6 4. d3 Bc5 5. Bxc6 dxc6 6. Nbd2 O-O 7. O-O Re8 8.
Nc4 Nd7 9. a4 Bd6 10. d4 exd4 11. Nxd6 cxd6 12. Qxd4 Qf6 13. Rd1 Qxd4 14. Rxd4
Nf6 15. Rxd6 Nxe4 16. Rd3 Bf5 17. Be3 Nf6 18. Rb3 b6 19. c4 Ne4 20. a5 Be6 21.
Rba3 Rab8 22. Nd4 Bd7 23. axb6 axb6 24. Ra7 Nf6 25. b4 c5 26. bxc5 bxc5 27. Nf3
Rbc8 28. R1a5 Be6 29. Ne5 Ng4 30. Nxg4 Bxg4 31. h3 Be2 32. Rxc5 Rxc5 33. Bxc5
Bxc4 34. Re7 Rxe7 35. Bxe7 Be2 36. Bc5 h6 37. Be7 Bc4 38. Bc5 f6 39. f3 Kf7 40.
Kf2 g5 41. Bd4 1/2-1/2

[Event "Grenke Chess Classic 2015"]
[Site "Baden Baden GER"]
[Date "2015.02.03"]
[Round "2"]
[White "Carlsen, M."]
[Black "Adams, Mi"]
[Result "1-0"]
[WhiteElo "2865"]
[BlackElo "2738"]
[PlyCount "127"]
[EventDate "2015.02.02"]

1. c4 e5 2. Nc3 Nf6 3. Nf3 Nc6 4. g3 Bb4 5. Nd5 Bc5 6. Bg2 d6 7. O-O O-O 8. d3
Nxd5 9. cxd5 Nd4 10. Nxd4 exd4 11. Bd2 a5 12. e4 dxe3 13. fxe3 Qg5 14. Rf4 Bd7
15. a4 Rae8 16. d4 Bb6 17. Qb3 Qd8 18. Qc4 Re7 19. b4 axb4 20. a5 Ba7 21. Qxb4
c5 22. dxc6 Bxc6 23. Qb3 Bxg2 24. Kxg2 Qd7 25. Raf1 Rc8 26. Rf5 h6 27. R1f2 Bb8
28. Bb4 Qc6+ 29. R2f3 Rcc7 30. Be1 Qe8 31. g4 Re4 32. h3 Rce7 33. Bf2 R4e6 34.
Rb5 Bc7 35. Rxb7 Qa8 36. Rb5 Re8 37. Qd5 Qxd5 38. Rxd5 Rb8 39. Bg3 g6 40. h4
Ra8 41. Be1 Re4 42. g5 h5 43. Rb5 Ra7 44. Kf1 Re8 45. Ke2 Rea8 46. Rf6 Ra6 47.
Bb4 Bxa5 48. Rxa5 Rxa5 49. Bxa5 Rxa5 50. Rxd6 Kf8 51. Rf6 Ra3 52. Kf3 Ke7 53.
Ke4 Ra5 54. Rf4 Rb5 55. d5 Rb3 56. Kd4 Ra3 57. e4 Rb3 58. Ke5 Rd3 59. Rf1 Rh3
60. Ra1 Rxh4 61. d6+ Kd7 62. Ra7+ Ke8 63. Ra8+ Kd7 64. Rf8 1-0

[Event "Grenke Chess Classic 2015"]
[Site "Baden Baden GER"]
[Date "2015.02.03"]
[Round "2"]
[White "Anand, V."]
[Black "Naiditsch, A."]
[Result "1/2-1/2"]
[WhiteElo "2797"]
[BlackElo "2706"]
[PlyCount "105"]
[EventDate "2015.02.02"]

1. d4 Nf6 2. c4 e6 3. Nf3 d5 4. Nc3 c5 5. cxd5 Nxd5 6. e4 Nxc3 7. bxc3 cxd4 8.
cxd4 Bb4+ 9. Bd2 Bxd2+ 10. Qxd2 O-O 11. Rc1 Nc6 12. Bc4 Qa5 13. d5 exd5 14.
Qxa5 Nxa5 15. Bxd5 Be6 16. Bxe6 fxe6 17. Ne5 Rfd8 18. Ke2 Rd4 19. Ke3 Ra4 20.
Rhd1 Nc6 21. Nxc6 bxc6 22. Rd2 Rc8 23. Rc5 Kf8 24. h4 h6 25. Kf4 Ke7 26. Ke5
Rb8 27. Rxc6 Rb5+ 28. Kf4 Rba5 29. f3 g5+ 30. hxg5 hxg5+ 31. Kg3 Rxa2 32. Rc7+
Kf6 33. Rdd7 Ke5 34. Rg7 Kd6 35. Rcd7+ Kc6 36. Rd1 a6 37. Rgd7 Re5 38. Rd8 a5
39. Rc1+ Kb7 40. Rdc8 Rb2 41. R1c6 a4 42. R6c7+ Kb6 43. Rc4 Kb5 44. Rd4 a3 45.
Ra8 Rc5 46. Rxa3 Rcc2 47. Kg4 Rxg2+ 48. Kh5 Rg3 49. Rdd3 Rh2+ 50. Kg6 Rhh3 51.
Rab3+ Kc4 52. Rbc3+ Kb4 53. Rb3+ 1/2-1/2

[Event "Grenke Chess Classic 2015"]
[Site "Baden Baden GER"]
[Date "2015.02.03"]
[Round "2"]
[White "Caruana, F."]
[Black "Bacrot, E."]
[Result "1/2-1/2"]
[WhiteElo "2811"]
[BlackElo "2711"]
[PlyCount "107"]
[EventDate "2015.02.02"]

1. d4 Nf6 2. c4 g6 3. f3 d6 4. e4 Bg7 5. Ne2 O-O 6. Be3 c5 7. Qd2 Nc6 8. d5 Ne5
9. Nec3 Nh5 10. Be2 f5 11. Na3 f4 12. Bf2 Bd7 13. Nc2 a6 14. a4 g5 15. a5 Qe8
16. Rb1 b5 17. axb6 a5 18. Na3 Qb8 19. Nab5 Qxb6 20. Ra1 Rfb8 21. Ra3 Qd8 22.
Kd1 h6 23. Kc2 Nf6 24. h4 Be8 25. hxg5 hxg5 26. g3 Nh5 27. Rg1 Rb7 28. gxf4
gxf4 29. Bh4 a4 30. Bg5 Ng6 31. Rga1 Qc8 32. Bf1 Ng3 33. Bd3 Bxb5 34. Nxb5 Qh3
35. Bxf4 Nxf4 36. Qxf4 Rf8 37. Qd2 Rxf3 38. Rxa4 Bh6 39. Ra8+ Kf7 40. Rh8 Bxd2
41. Rxh3 Bf4 42. Rh7+ Kg6 43. Rh2 Be5 44. Ra8 Kg5 45. Be2 Rf7 46. Rg8+ Rg7 47.
Rf8 Rg6 48. Bd3 Rf6 49. Rf2 Rxf2+ 50. Rxf2 Rb8 51. Kb3 Bd4 52. Rf3 Kg4 53. Rf7
Bf6 54. Kc2 1/2-1/2

[Event "Moscow Open  2015"]
[Site "Moscow RUS"]
[Date "2015.02.04"]
[Round "5"]
[White "Timofeev, Artyom"]
[Black "Nepomniachtchi, Ian"]
[Result "0-1"]
[WhiteElo "2568"]
[BlackElo "2714"]
[PlyCount "132"]
[EventDate "2015.01.31"]

1. d4 Nf6 2. c4 g6 3. Nc3 d5 4. cxd5 Nxd5 5. e4 Nxc3 6. bxc3 Bg7 7. Bc4 c5 8.
Ne2 Nc6 9. Be3 O-O 10. O-O b6 11. dxc5 Qc7 12. cxb6 axb6 13. Bb5 Ne5 14. Bf4
Ra3 15. Qc1 Qc5 16. Qb2 Ba6 17. Bxa6 Rxa6 18. Bxe5 Bxe5 19. Rfb1 Rfa8 20. g3
Qc6 21. Nd4 Qxe4 22. Re1 Qd5 23. Nc6 Qxc6 24. Rxe5 e6 25. Rb1 Rxa2 26. Qxb6
Qxc3 27. Reb5 Re2 28. R5b2 Re1+ 29. Kg2 Rxb1 30. Rxb1 Ra2 31. Rd1 h5 32. Rd8+
Kg7 33. Qd4+ Qxd4 34. Rxd4 g5 35. h4 g4 36. Rd8 Ra5 37. Re8 Rb5 38. Rc8 Rb7 39.
Ra8 f6 40. Re8 e5 41. Kf1 Rf7 42. Ke2 Rf8 43. Re7+ Kg6 44. Kf1 Ra8 45. Kg2 Rb8
46. Kf1 Rb2 47. Kg1 Rb8 48. Kf1 Rb1+ 49. Kg2 Rb5 50. Kf1 f5 51. Re6+ Kg7 52.
Kg2 f4 53. gxf4 exf4 54. Re4 f3+ 55. Kg3 Rb1 56. Re5 Kg6 57. Kf4 Rf1 58. Kg3
Rg1+ 59. Kf4 Rg2 60. Re6+ Kf7 61. Rh6 Rxf2 62. Rxh5 Rg2 63. Ke3 Re2+ 64. Kf4 f2
65. Rf5+ Ke6 66. Kxg4 Re4+ 0-1

[Event "Moscow Open  2015"]
[Site "Moscow RUS"]
[Date "2015.02.04"]
[Round "5"]
[White "Vallejo Pons, Francisco"]
[Black "Pridorozhni, Aleksei"]
[Result "1/2-1/2"]
[WhiteElo "2706"]
[BlackElo "2545"]
[PlyCount "101"]
[EventDate "2015.01.31"]

1. d4 e6 2. c4 f5 3. g3 Nf6 4. Bg2 c6 5. Qc2 d5 6. Nh3 Bd6 7. O-O O-O 8. b3 Qe7
9. Bf4 e5 10. dxe5 Bxe5 11. Bxe5 Qxe5 12. Nd2 Na6 13. Nf3 Qe4 14. Qc3 Qe7 15.
Nf4 Ne4 16. Qc1 dxc4 17. Qxc4+ Kh8 18. Rfd1 Qc5 19. Qxc5 Naxc5 20. Nd4 g5 21.
Nd3 Nxd3 22. Rxd3 Nf6 23. Rad1 h6 24. b4 f4 25. Bf3 fxg3 26. hxg3 Bd7 27. Nb3
Bf5 28. R3d2 Rae8 29. Nc5 Bc8 30. a4 Kg7 31. a5 h5 32. a6 bxa6 33. Bxc6 Re5 34.
Rd8 Rxd8 35. Rxd8 Bf5 36. Ra8 Rxe2 37. Rxa7+ Kg6 38. Rxa6 Re1+ 39. Kg2 h4 40.
gxh4 gxh4 41. b5 h3+ 42. Kg3 Rg1+ 43. Kh2 Rf1 44. Ra2 Ng4+ 45. Kxh3 Rc1 46. Nb7
Ne5+ 47. Kg3 Rc3+ 48. Kh2 Nxc6 49. Ra6 Be4 50. bxc6 Rxc6 51. Rxc6+ 1/2-1/2

[Event "Moscow Open  2015"]
[Site "Moscow RUS"]
[Date "2015.02.04"]
[Round "5"]
[White "Geller, Jakov"]
[Black "Lysyj, Igor"]
[Result "1/2-1/2"]
[WhiteElo "2472"]
[BlackElo "2700"]
[PlyCount "103"]
[EventDate "2015.01.31"]

1. e4 e6 2. d4 d5 3. Nc3 Nf6 4. Bg5 dxe4 5. Nxe4 Be7 6. Bxf6 Bxf6 7. Nf3 O-O 8.
Qd2 Nd7 9. O-O-O Be7 10. Bd3 c5 11. h4 Qc7 12. Rh3 c4 13. Be2 b5 14. Rg3 Bb7
15. Qe3 Bxe4 16. Qxe4 Bd6 17. Ne5 f5 18. Qf3 Nxe5 19. dxe5 Bxe5 20. Rh3 Rad8
21. Rhh1 c3 22. bxc3 Qa5 23. Rxd8 Rxd8 24. Rd1 Rb8 25. Qc6 Qxa2 26. Kd2 Kh8 27.
Bxb5 Bf6 28. Bc4 Qa5 29. Bxe6 Rd8+ 30. Ke2 Qe5+ 31. Kf3 Rf8 32. g3 f4 33. g4
Bxh4 34. Qd6 Qxc3+ 35. Rd3 Qf6 36. Bb3 a5 37. Qxf6 Bxf6 38. Kxf4 Bh4+ 39. Ke5
Bxf2 40. Rd7 g6 41. c4 h5 42. gxh5 gxh5 43. c5 Bxc5 44. Rd5 Bb6 45. Ke6 Kg7 46.
Rxh5 Rf3 47. Rg5+ Kh6 48. Rb5 Bd4 49. Bd1 Rf6+ 50. Kd5 Bc3 51. Kc4 Rc6+ 52. Rc5
1/2-1/2

[Event "Grenke Chess Classic 2015"]
[Site "Baden Baden GER"]
[Date "2015.02.04"]
[Round "3"]
[White "Aronian, Levon"]
[Black "Caruana, Fabiano"]
[Result "0-1"]
[WhiteElo "2777"]
[BlackElo "2811"]
[PlyCount "80"]
[EventDate "2015.02.02"]

1. d4 Nf6 2. c4 e6 3. Nc3 Bb4 4. Qc2 O-O 5. Bg5 c5 6. dxc5 Qa5 7. Bd2 Qxc5 8.
e3 Qc7 9. Nf3 Be7 10. Bd3 Nc6 11. a3 b6 12. Nb5 Qb8 13. Bc3 h6 14. Rd1 a6 15.
Nbd4 Nxd4 16. Bxd4 d6 17. O-O Bd7 18. e4 e5 19. Bc3 Rc8 20. Qe2 Be6 21. Nh4 g6
22. g3 Qc7 23. Ng2 Bxc4 24. Ne3 Bxd3 25. Rxd3 Nxe4 26. Bxe5 dxe5 27. Nd5 Qd6
28. Qxe4 Bf8 29. Rfd1 b5 30. Qf3 Kg7 31. Nc3 Qe6 32. Rd7 Bc5 33. Qe4 Ra7 34.
Rd8 Rxd8 35. Rxd8 Bxf2+ 36. Kg2 Bb6 37. Rd2 Rc7 38. Qa8 Bd4 39. Ne2 Rd7 40. b4
h5 0-1

[Event "Grenke Chess Classic 2015"]
[Site "Baden Baden GER"]
[Date "2015.02.04"]
[Round "3"]
[White "Naiditsch, Arkadij"]
[Black "Carlsen, Magnus"]
[Result "1-0"]
[WhiteElo "2706"]
[BlackElo "2865"]
[PlyCount "121"]
[EventDate "2015.02.02"]

1. e4 g6 2. d4 Bg7 3. Nc3 d6 4. Be3 a6 5. a4 Nf6 6. h3 O-O 7. g4 e5 8. d5 c6 9.
Nge2 cxd5 10. exd5 Bxg4 11. hxg4 Nxg4 12. Qd2 Nd7 13. Ne4 f5 14. Bg5 Qb6 15.
Bh3 Ndf6 16. Nxf6+ Nxf6 17. Nc3 Qxb2 18. Rb1 Qa3 19. Rxb7 Rf7 20. Rb3 Qc5 21.
Qe3 Qc7 22. Qb6 e4 23. Qc6 Rc8 24. O-O Qxc6 25. dxc6 Rxc6 26. Rfb1 h6 27. Bxf6
Bxf6 28. Nxe4 Be5 29. Nd2 Rxc2 30. Nf3 Ra2 31. Bg2 Bf6 32. Nh2 Kg7 33. Bd5 Re7
34. Rb4 Rd2 35. Bc4 a5 36. Rb7 Rd4 37. Rxe7+ Bxe7 38. Bb5 h5 39. Nf3 Rf4 40.
Kg2 h4 41. Rd1 Rg4+ 42. Kf1 h3 43. Rd3 Bf6 44. Nh2 Rh4 45. Kg1 Bd4 46. Rf3 Kf6
47. Nf1 Be5 48. Ne3 Kg5 49. Kh1 Kf6 50. Nc4 g5 51. Nxa5 g4 52. Rd3 f4 53. Nc4
Rh7 54. Nxe5 dxe5 55. a5 Rc7 56. Ra3 Rc1+ 57. Kh2 Rc2 58. a6 Rxf2+ 59. Kh1 g3
60. a7 Rd2 61. Ra1 1-0

[Event "Grenke Chess Classic 2015"]
[Site "Baden Baden GER"]
[Date "2015.02.04"]
[Round "3"]
[White "Bacrot, Etienne"]
[Black "Anand, Viswanathan"]
[Result "1/2-1/2"]
[WhiteElo "2711"]
[BlackElo "2797"]
[PlyCount "74"]
[EventDate "2015.02.02"]

1. e4 e5 2. Nf3 Nc6 3. Bb5 Nf6 4. O-O Nxe4 5. d4 Nd6 6. Bxc6 dxc6 7. dxe5 Nf5
8. Qxd8+ Kxd8 9. h3 Ke8 10. Nc3 h5 11. Bf4 Be7 12. Rad1 Be6 13. Ng5 Rh6 14. g3
Bxg5 15. Bxg5 Rg6 16. h4 f6 17. exf6 gxf6 18. Bf4 Nxh4 19. f3 Rd8 20. Rde1 Kf7
21. Kf2 Nf5 22. Rh1 Ng7 23. Ne4 Rc8 24. Nc5 Bf5 25. c4 b6 26. Ne4 Re8 27. Bxc7
Bxe4 28. Rxe4 Rxe4 29. fxe4 Ne6 30. Bb8 Rg8 31. Bxa7 Ra8 32. Bxb6 Rxa2 33. Be3
Rxb2+ 34. Kf3 Rb3 35. Kf2 Rb2+ 36. Kf3 Rb3 37. Kf2 Rb2+ 1/2-1/2

[Event "Gibraltar Masters Open 2015"]
[Site "Caleta ENG"]
[Date "2015.02.04"]
[Round "9"]
[White "Topalov, Veselin"]
[Black "Wei, Yi"]
[Result "1/2-1/2"]
[WhiteElo "2800"]
[BlackElo "2675"]
[PlyCount "74"]
[EventDate "2015.01.27"]

1. d4 Nf6 2. c4 g6 3. g3 Bg7 4. Bg2 d5 5. cxd5 Nxd5 6. Nf3 Nb6 7. Nc3 Nc6 8. e3
O-O 9. O-O Re8 10. a3 a5 11. Ne1 Be6 12. Nd3 Bc4 13. Nc5 Bxf1 14. Qxf1 Qb8 15.
Qb5 e5 16. Nxb7 exd4 17. Ne2 Na7 18. Qd3 dxe3 19. Bxe3 Bxb2 20. Rb1 Bg7 21. Nf4
Qc8 22. Bxb6 cxb6 23. Nd6 Qc3 24. Qxc3 Bxc3 25. Nxe8 Rxe8 26. Rxb6 Bd4 27. Ra6
Nb5 28. Rxa5 Nc3 29. Bf1 Rb8 30. Ne2 Bb6 31. Re5 Nd1 32. Kg2 Bxf2 33. a4 Ba7
34. Rb5 Rd8 35. Rb7 Bc5 36. Rb5 Ba7 37. Rb7 Bc5 1/2-1/2

[Event "Gibraltar Masters Open 2015"]
[Site "Caleta ENG"]
[Date "2015.02.04"]
[Round "9"]
[White "Adhiban, Baskaran"]
[Black "Svidler, Peter"]
[Result "1/2-1/2"]
[WhiteElo "2630"]
[BlackElo "2739"]
[PlyCount "43"]
[EventDate "2015.01.27"]

1. d4 Nf6 2. c4 g6 3. Nc3 d5 4. cxd5 Nxd5 5. e4 Nxc3 6. bxc3 Bg7 7. Bb5+ c6 8.
Ba4 O-O 9. Ne2 b5 10. Bb3 Bb7 11. h4 c5 12. h5 Bxe4 13. f3 Bd5 14. hxg6 hxg6
15. Bh6 Bxb3 16. Qd2 Bf6 17. Bxf8 Bc4 18. Bh6 Nc6 19. Bg5 Bg7 20. Bh6 Bf6 21.
Bg5 Bg7 22. Bh6 1/2-1/2